00354nam a2200133Ia 4500008004100000020001500041041001200056100001700068245007000085260003200155300000800187650001000195700001500205221030s9999 xx 000 0 und d a8131807637 aEnglish aB. C. Punmia 0aIrrigation & Water Power Engineeringcby B. C. Punmia, A. K. Jain bLaxmi Pub.aNew Delhic2018 a964 aCivil aA. K. Jain